Vínny turizmus na Slovensku

Nové trendy v cestovnom ruchu - agroturizmus, gastroturizmus a vínny turizmus. Víno ako médium na získanie a privítanie návštevníkov. Hlavné vinohradnícke oblasti na Slovensku. Malokarpatská vinohradnícka oblasť. Tokajská vinohradnícka oblasť. Nitrianska vinohradnícka oblasť. Stredoslovenská a Výcho...

Celý popis

Uložené v:
Podrobná bibliografia
Hlavný autor: Pachingerová, Mária
Médium: Kapitola
Jazyk:Slovak
Predmet:
Tagy: Pridať tag
Žiadne tagy, Buďte prvý, kto otaguje tento záznam!

MARC

LEADER 00000naa a2200000 4500
001 0144355
005 20240502072604.7
041 0 |a slo 
044 |a SK 
245 1 0 |a Vínny turizmus na Slovensku  |c Mária Pachingerová 
520 |a Nové trendy v cestovnom ruchu - agroturizmus, gastroturizmus a vínny turizmus. Víno ako médium na získanie a privítanie návštevníkov. Hlavné vinohradnícke oblasti na Slovensku. Malokarpatská vinohradnícka oblasť. Tokajská vinohradnícka oblasť. Nitrianska vinohradnícka oblasť. Stredoslovenská a Východoslovenská vinohradnícka oblasť. Malokarpatská vínna cesta. Inšpirácie z Burgundska pri tvorbe produktu vínneho turizmu. 
610 2 0 |a ruch cestovný 
610 2 0 |a víno 
610 2 0 |a vinohradníctvo 
610 2 0 |a gastronómia 
610 2 0 |a služby 
610 2 0 |a klienti 
610 2 0 |a kraje 
610 2 0 |a regióny 
610 2 0 |a Slovensko 
610 2 0 |a Francúzsko 
100 1 |a Pachingerová, Mária